[Event "Plzen, JF D"]
[Site "?"]
[Date "1999.??.??"]
[Round "9.11"]
[White "Cigan, K."]
[Black "Oskrobany, E."]
[Result "1-0"]
[WhiteElo "1550"]
[BlackElo "1527"]
[PlyCount "125"]
[EventDate "1999.??.??"]
[Source "ChessBase"]
[SourceDate "1996.11.15"]

1. d4 Nf6 2. Bg5 e6 3. Bxf6 Qxf6 4. g3 d5 5. f4 Nc6 6. c3 Bd6 7. e3 a6 8. a4
Bd7 9. Nf3 h6 10. Nbd2 O-O 11. Bd3 Ne7 12. O-O b5 13. axb5 Bxb5 14. Qc2 Bxd3
15. Qxd3 Nf5 16. Ne5 Bxe5 17. fxe5 Qg6 18. Rf2 a5 19. Qe2 Ne7 20. Nf3 Nf5 21.
Rg2 Qg4 22. Kf2 f6 23. Kg1 fxe5 24. Nxe5 Qxe2 25. Rxe2 Nd6 26. Nd7 Rfd8 27. Nc5
Re8 28. Rae1 Ne4 29. Nd7 Re7 30. Ne5 c5 31. Nd3 cxd4 32. exd4 Ng5 33. Kg2 a4
34. Nc5 Kf7 35. h4 Ne4 36. Nxe4 dxe4 37. Rxe4 Ra6 38. d5 Rb7 39. dxe6+ Ke7 40.
R1e2 Rb3 41. Rg4 a3 42. bxa3 Rxe6 43. Rxe6+ Kxe6 44. Rxg7 Rxa3 45. Rg6+ Kf7 46.
Rxh6 Rxc3 47. Ra6 Kg7 48. Kh3 Kh7 49. h5 Rc5 50. g4 Rc3+ 51. Kh4 Rc4 52. Rf6
Kg7 53. Rb6 Rd4 54. h6+ Kh7 55. Kh5 Rd1 56. Rb7+ Kg8 57. g5 Rd8 58. Rb5 Re8 59.
Rf5 Re4 60. Kg6 Re7 61. h7+ Rxh7 62. Rf8+ Kxf8 63. Kxh7 1-0

[Event "Plzen, JF D"]
[Site "?"]
[Date "1999.??.??"]
[Round "9.12"]
[White "Konig, V."]
[Black "Fakan, P."]
[Result "1-0"]
[WhiteElo "1649"]
[BlackElo "1550"]
[PlyCount "43"]
[EventDate "1999.??.??"]
[Source "ChessBase"]
[SourceDate "1996.11.15"]

1. e4 d5 2. exd5 Nf6 3. c4 e6 4. d4 exd5 5. Nc3 Bb4 6. Nf3 Bf5 7. a3 Bxc3+ 8.
bxc3 O-O 9. Bd3 Re8+ 10. Be3 Ne4 11. Qc2 c6 12. O-O Qa5 13. Rfe1 Nd7 14. Qb1 b5
15. cxd5 cxd5 16. Qxb5 Qxc3 17. Bxe4 dxe4 18. Qxf5 exf3 19. Qxd7 Re6 20. Rec1
Rxe3 21. Rxc3 Rxc3 22. Re1 1-0